| 000 | 00612nam a2200193 a 4500 | ||
|---|---|---|---|
| 005 | 20210223123228.0 | ||
| 008 | 991125s1982 mx 000 0 spa u | ||
| 020 | _a9684261470 | ||
| 035 | _aUPN01000049762 | ||
| 049 | _aCG | ||
| 050 | 4 |
_aBF432.5 W42 _bK3.88 |
|
| 100 | 1 | _aKaufman, Alan S. | |
| 245 | 1 | 0 |
_aPsicometría razonada con el WISC-R / _cAlan S. Kaufman ; tr. Florente López R. |
| 260 |
_aMéxico : _bEl Manual Moderno, _c1982. |
||
| 300 | _a303 p. | ||
| 534 |
_pTraducción de: _tIntelligent testing with the WISC-R |
||
| 650 | 4 |
_aESCALAS DE INTELIGENCIA DE WECHSLER-BELLEVUE _93415 |
|
| 905 | _aLibro | ||
| 999 |
_c49762 _d49762 |
||